Vom handweben auf einfachen Apparaten (Record no. 9085)
[ view plain ]
| 000 -CABECERA | |
|---|---|
| campo de control de longitud fija | 00684nam a2200229 a 4500 |
| 001 - NÚMERO DE CONTROL | |
| campo de control | BRL_272 |
| 005 - FECHA Y HORA DE LA ÚLTIMA TRANSACCIÓN | |
| campo de control | 20190320210651.0 |
| 008 - DATOS DE LONGITUD FIJA--INFORMACIÓN GENERAL | |
| campo de control de longitud fija | 170713s1935----gw-a######---#000-0#ger-# |
| 041 ## - CÓDIGO DE LENGUA | |
| Código de lengua del texto/banda sonora o título independiente | ger |
| 044 ## - CÓDIGO DEL PAÍS DE LA ENTIDAD EDITORA/PRODUCTORA | |
| Código MARC del país | gw |
| 050 #4 - SIGNATURA TOPOGRÁFICA DE LA BIBLIOTECA DEL CONGRESO | |
| Número de clasificación | NK8862 |
| Número de documento/Ítem | .K57 1935 |
| 100 1# - ENTRADA PRINCIPAL--NOMBRE DE PERSONA | |
| Nombre de persona | Kircher, Mia |
| 9 (RLIN) | 23425 |
| 245 10 - MENCIÓN DE TÍTULO | |
| Título | Vom handweben auf einfachen Apparaten |
| Resto del título | ein Beitrag zur Praxis der Gegenwart |
| Mención de responsabilidad, etc. | von Mia und Walter Kircher. |
| 260 ## - PUBLICACIÓN, DISTRIBUCIÓN, ETC. | |
| Lugar de publicación, distribución, etc. | Leipzig B.G. |
| Nombre del editor, distribuidor, etc. | Teubner |
| Fecha de publicación, distribución, etc. | 1935 |
| 300 ## - DESCRIPCIÓN FÍSICA | |
| Extensión | iv, 16 láminas, 72 p. |
| Otras características físicas | il. |
| Dimensiones | 23 cm. |
| Material acompañante/anejo | Patron de bordado |
| 500 ## - NOTA GENERAL | |
| Nota general | Au2335 |
| 650 14 - PUNTO DE ACCESO ADICIONAL DE MATERIA--TÉRMINO DE MATERIA | |
| Término de materia o nombre geográfico como elemento de entrada | Tejeduría |
| 9 (RLIN) | 23426 |
| 650 14 - PUNTO DE ACCESO ADICIONAL DE MATERIA--TÉRMINO DE MATERIA | |
| Término de materia o nombre geográfico como elemento de entrada | Tejido a mano |
| 9 (RLIN) | 23427 |
| 700 1# - PUNTO DE ACCESO ADICIONAL--NOMBRE DE PERSONA | |
| Nombre de persona | Rircher, Walter |
| Término indicativo de función/relación | coaut. |
| 9 (RLIN) | 23428 |
| 902 ## - CATALOGADOR | |
| Iniciales | GRL |
| 942 ## - ELEMENTOS DE PUNTO DE ACCESO ADICIONAL (KOHA) | |
| Fuente del sistema de clasificación o colocación | Library of Congress Classification |
| Tipo de ítem Koha | Libros |
| Estado de retiro | Estado de pérdida | Estado dañado | No para préstamo | Localización permanente | Ubicación/localización actual | Fecha de adquisición | Número de inventario | Total de préstamos | Signatura topográfica completa | Código de barras | Fecha visto por última vez | Precio válido a partir de | Tipo de ítem Koha |
|---|---|---|---|---|---|---|---|---|---|---|---|---|---|
| El ejemplar forma parte de la colección y puede ser consultado según las políticas vigentes. | Biblioteca Centro de Estudios Ruth D. Lechuga | Biblioteca Centro de Estudios Ruth D. Lechuga | 17/07/2013 | Au2335 | NK8862 .K57 1935 (Au2335) | GRL01027 | 22/03/2019 | 22/03/2019 | Libros |